MARC details
| 000 -LEADER |
| fixed length control field |
02870nam a2200313 i 4500 |
| 003 - CONTROL NUMBER IDENTIFIER |
| control field |
CSPC |
| 005 - DATE AND TIME OF LATEST TRANSACTION |
| control field |
20260416133258.0 |
| 008 - FIXED-LENGTH DATA ELEMENTS--GENERAL INFORMATION |
| fixed length control field |
260226s2025 ph a b 000 0 eng d |
| 040 ## - CATALOGING SOURCE |
| Original cataloging agency |
CSPC |
| Language of cataloging |
eng |
| Transcribing agency |
CSPC |
| Description conventions |
rda |
| 090 ## - LOCALLY ASSIGNED LC-TYPE CALL NUMBER (OCLC); LOCAL CALL NUMBER (RLIN) |
| Classification number (OCLC) (R) ; Classification number, CALL (RLIN) (NR) |
UTH BSOA M113i 2025 |
| 100 1# - MAIN ENTRY--PERSONAL NAME |
| Personal name |
Mabelin, Roselyn G., |
| Relator term |
author. |
| 245 14 - TITLE STATEMENT |
| Title |
The influence of workplace ergonomics on employees' productivity in administrative office in Camarines Sur Polytechnic Colleges, Buhi Campus / |
| Statement of responsibility, etc. |
Roselyn G. Mabelin, Katrina Mae S. Magistrado, and John Kenneth P. Manaog. |
| 260 ## - PUBLICATION, DISTRIBUTION, ETC. |
| Place of publication, distribution, etc. |
Buhi, Camarines Sur : |
| Name of publisher, distributor, etc. |
Camarines Sur Polytechnic Colleges, |
| Date of publication, distribution, etc. |
2025. |
| 300 ## - PHYSICAL DESCRIPTION |
| Extent |
112 leaves. |
| 336 ## - CONTENT TYPE |
| Source |
rdacontent |
| Content type term |
text |
| 337 ## - MEDIA TYPE |
| Source |
rdamedia |
| Media type term |
unmediated |
| 338 ## - CARRIER TYPE |
| Source |
rdacarrier |
| Carrier type term |
volume |
| 502 ## - DISSERTATION NOTE |
| Dissertation note |
Undergraduate Thesis (BSOA)- Office Administration. |
| Name of granting institution |
Camarines Sur Polytechnic Colleges, 2025. |
| 504 ## - BIBLIOGRAPHY, ETC. NOTE |
| Bibliography, etc. note |
Includes bibliographical references. |
| 520 3# - SUMMARY, ETC. |
| Summary, etc. |
This study titled "The Influence of Workplace Ergonomics on Employees' Productivity in Administrative Offices of Camarines Sur Polytechnic Colleges (CSPC), Buhi Campus" aimed to determine how ergonomic factors influence the productivity and well-being of administrative employees. The research addressed the problem of decreased efficiency caused by poor workplace design, inadequate furniture, and limited ergonomic awareness. It sought to assess the extent of ergonomic implementation in CSPC offices and to establish the relationship between ergonomic conditions and employees' productivity. A descriptive research design was utilized, involving twenty-one administrative employees selected through total enumeration. Data were collected using validated questionnaires, interviews, and document analysis. Descriptive statistics such as frequency, percentage, and weighted mean were used to analyze the data. The findings revealed that ergonomic implementation was moderate in terms of workspace layout, furniture, lighting, and ventilation. Respondents reported issues such as non-adjustable chairs, limited equipment, and poor air circulation. The study concluded that workplace ergonomics plays a vital role in maintaining employee performance and well-being. It is recommended that providing adjustable furniture, conducting regular ergonomic assessments, offering employee training, and establishing institutional ergonomic policies to create a healthier and more productive administrative work environment at CSPC Buhi Campus. |
| 700 1# - ADDED ENTRY--PERSONAL NAME |
| Personal name |
Magistrado, Katrina Mae S., |
| Relator term |
author. |
| 700 1# - ADDED ENTRY--PERSONAL NAME |
| Personal name |
Manaog, John Kenneth P., |
| Relator term |
author. |
| 720 1# - ADDED ENTRY--UNCONTROLLED NAME |
| Name |
Luzon, April Z., |
| Relator term |
adviser. |
| 720 1# - ADDED ENTRY--UNCONTROLLED NAME |
| Name |
Oliveros, Josefin N., |
| Relator term |
panelist, chair. |
| 720 1# - ADDED ENTRY--UNCONTROLLED NAME |
| Name |
Luzon, NiƱo Jeffrey L., |
| Relator term |
panelist. |
| 720 1# - ADDED ENTRY--UNCONTROLLED NAME |
| Name |
Verona, Lea Katrine S., |
| Relator term |
panelist. |
| 942 ## - ADDED ENTRY ELEMENTS (KOHA) |
| Source of classification or shelving scheme |
Dewey Decimal Classification |
| Suppress in OPAC |
No |
| Koha item type |
Unpublished Materials |
| Classification part |
M113i |
| Call number prefix |
UTH |
| Call number suffix |
2025 |